000 00272nam a22001217a 4500
008 181224b xxu||||| |||| 00| 0 eng d
041 _aeng
080 _a541
100 _a12
101 _aKIM
245 _aChemistry An Experimental Science
_cMahan.B
942 _2udc
_cBK
999 _c53709
_d53709